MARC details
| 000 -CABECERA |
| campo de control de longitud fija |
01063nam a2200265 a 4500 |
| 001 - NÚMERO DE CONTROL |
| campo de control |
000040681 |
| 003 - IDENTIFICADOR DEL NÚMERO DE CONTROL |
| campo de control |
DO-SdBNP |
| 005 - FECHA Y HORA DE LA ÚLTIMA TRANSACCIÓN |
| campo de control |
20211118113008.0 |
| 008 - DATOS DE LONGITUD FIJA--INFORMACIÓN GENERAL |
| campo de control de longitud fija |
130905s1991 dr ac 000 0 spa d |
| 040 ## - FUENTE DE LA CATALOGACIÓN |
| Centro catalogador/agencia de origen |
DO-SdBNP |
| Lengua de catalogación |
spa |
| Centro/agencia transcriptor |
BNPHU |
| 082 ## - NÚMERO DE LA CLASIFICACIÓN DECIMAL DEWEY |
| Número de clasificación |
972.9342 |
| Número de documento/Ítem |
M385p |
| 100 1# - ENTRADA PRINCIPAL--NOMBRE DE PERSONA |
| Nombre de persona |
Martínez, Lusitania |
| 9 (RLIN) |
2860 |
| 245 10 - MENCIÓN DE TÍTULO |
| Título |
Palma sola : |
| Resto del título |
opresión y esperanza (su geografía mítica y social) / |
| Mención de responsabilidad, etc. |
Lusitania Martínez. |
| 260 ## - PUBLICACIÓN, DISTRIBUCIÓN, ETC. |
| Lugar de publicación, distribución, etc. |
Santo Domingo : |
| Nombre del editor, distribuidor, etc. |
CEDEE, |
| Fecha de publicación, distribución, etc. |
1991. |
| 300 ## - DESCRIPCIÓN FÍSICA |
| Extensión |
354 p. : |
| Otras características físicas |
ils., retrs. ; |
| Dimensiones |
24 cm. |
| 500 ## - NOTA GENERAL |
| Nota general |
Incluye datos biográficos del autor en la contracubierta |
| 504 ## - NOTA DE BIBLIOGRAFÍA, ETC. |
| Nota de bibliografía, etc. |
Bibliografía : p. 347-352 |
| 590 ## - NOTA LOCAL (RLIN) |
| Nota local |
Inventarido, 2019/MFF |
| 650 #4 - PUNTO DE ACCESO ADICIONAL DE MATERIA--TÉRMINO DE MATERIA |
| Término de materia o nombre geográfico como elemento de entrada |
Palma sola (san juan, dominicana república) |
| Subdivisión general |
Historia |
| 9 (RLIN) |
67049 |
| 650 #4 - PUNTO DE ACCESO ADICIONAL DE MATERIA--TÉRMINO DE MATERIA |
| Término de materia o nombre geográfico como elemento de entrada |
Palma sola (san juan, república dominicana) |
| Subdivisión general |
Condiciones sociales |
| 9 (RLIN) |
67050 |
| 650 #4 - PUNTO DE ACCESO ADICIONAL DE MATERIA--TÉRMINO DE MATERIA |
| Término de materia o nombre geográfico como elemento de entrada |
Culto |
| Subdivisión geográfica |
República Dominicana |
| -- |
Palma Sola |
| Subdivisión general |
Historia |
| 9 (RLIN) |
67051 |
| 710 2# - PUNTO DE ACCESO ADICIONAL--NOMBRE DE ENTIDAD CORPORATIVA |
| Nombre de entidad corporativa o nombre de jurisdicción como elemento de entrada |
Centro Dominicano de Estudios de la Educación (República Dominicana) |
| 9 (RLIN) |
19483 |
| 910 ## - DATOS DE OPCIÓN DEL USUARIO (OCLC) |
| Datos de opción del usuario |
Validado. Control de calidad MFF |
| 942 ## - ELEMENTOS DE PUNTO DE ACCESO ADICIONAL (KOHA) |
| Fuente del sistema de clasificación o colocación |
Dewey Decimal Classification |
| Tipo de ítem Koha |
Libro |